Diccionario de religiones / (Registro nro. 14217)

Detalles MARC
000 -LIDER
fixed length control field 00883nam a2200265 4500
001 - NÚMERO DE CONTROL
Identificador de número de control bimo0001962316
003 - IDENTIFICACDOR DE NÚMERO DE CONTROL
control field DO-SdBNP
005 - DATE AND TIME OF LATEST TRANSACTION
control field 20220603110051.0
008 - ELEMENTOS DE LONGITUD FIJA
fixed length control field 040820s2004 sp | ||| ||spa
020 ## - ISBN
International Standard Book Number 8467015357
040 ## - FUENTE DE CATALOGACIÓN
Agencia que crea de manera original el registro BPMSU
Idioma de catalogación spa
Agencia que realiza la transcripción BPMSU
082 ## - NÚMERO DE CLASIFICACIÓN DECIMAL DE DEWEY
Classification number R290.03
Item number D545r 2004
Edition number 22
245 10 - MENCIÓN DE TITULO
Título Diccionario de religiones /
Mención de responsabilidad directoro Antonio Merodio Cogolludo : prólogo Enrique Miret Magdalena
260 ## - PUBLICACIÓN, DISTRIBUCIÓN, ETC. (PIE DE IMPRENTA)
Lugar de publicación, distribución, etc Barcelona :
Nombre del editor, distribuidor, etc. Espasa Calpe,
Fecha de publicación, distribución, etc 2004
300 ## - DESCRIPCIÓN FÍSICA
Extensión 686 p.:
Otros detalles físicos il.;
Dimensiones 23 cm
490 0# - MENCIÓN DE SERIES
Mención de serie Biblioteca el mundo
Volume/sequential designation 29
534 ## - NOTA SOBRE LA VERSIÓN ORIGINAL
Asiento principal del original Título original :
Mención del título original Dictionary of beliefs and religions
590 ## - NOTA LOCAL
Enlace Inventariado, 2022/VM
650 #4 - ENCABEZAMIENTO DE MATERIA--TEMÁTICO
Término temático o nombre geográfico como elemento de entrada Religiones
Subdivisión de forma Diccionarios
Fuente del encabezamiento o término
650 #4 - ENCABEZAMIENTO DE MATERIA--TEMÁTICO
Término temático o nombre geográfico como elemento de entrada Religiones
Subdivisión temática general Diccionarios y enciclopedias.
700 1# - ASIENTO SECUNDARIO -- NOMBRE PERSONAL
Nombre personal Merodio Cogolludo, Antonio
700 1# - ASIENTO SECUNDARIO -- NOMBRE PERSONAL
Nombre personal Miret Magdalena, Enrique
Mención de responsabilidad prólogo
910 ## - VALIDACIÓN
Validación VMateo
942 ## - ADDED ENTRY ELEMENTS (KOHA)
Source of classification or shelving scheme Dewey Decimal Classification
Koha item type Libros
Existencias
Withdrawn status Lost status Source of classification or shelving scheme Damaged status Not for loan Collection code Home library Current library Date acquired Total Checkouts Full call number Barcode Date last seen Price effective from Koha item type
    Dewey Decimal Classification     Colección de Referencia General Biblioteca Pública Metropolitana Salomé Ureña Biblioteca Pública Metropolitana Salomé Ureña 06/03/2022   BPMSU CGR R290.03 D545r 2004 BPMSU22060013 06/03/2022 06/03/2022 Libros